Distribučné kanály v prostredí internetu

Rozvoj informačno-komunikačných technológií (IKT) priniesol modernú formu v štruktúre distribučných kanálov. Osobitný význam zohral internet ako nové paradigma alebo spôsob podnikania. Elektronický obchod a jeho výhody. Konkurencieschopnosť a distribučné stratégie internetu.

Guardado en:
Detalles Bibliográficos
Autor principal: Vlčková, Katarína
Formato: Capítulo de libro
Lenguaje:eslovaco
Materias:
Etiquetas: Agregar Etiqueta
Sin Etiquetas, Sea el primero en etiquetar este registro!

MARC

LEADER 00000naa$a2200000$$$4500
001 0105151
005 20240312093209.4
041 0 |a slo 
044 |a SK 
245 1 0 |a Distribučné kanály v prostredí internetu  |c Katarína Vlčková 
520 |a Rozvoj informačno-komunikačných technológií (IKT) priniesol modernú formu v štruktúre distribučných kanálov. Osobitný význam zohral internet ako nové paradigma alebo spôsob podnikania. Elektronický obchod a jeho výhody. Konkurencieschopnosť a distribučné stratégie internetu. 
610 2 0 |a obchod elektronický 
610 2 0 |a kanály distribučné 
610 2 0 |a internet 
610 2 0 |a technológie informačné 
610 2 0 |a stratégia distribučná 
610 2 0 |a podnikanie elektronické 
100 1 |a Vlčková, Katarína